|
|
|
|
| LEADER |
00937cam a2200241 7i4500 |
| 001 |
0000070159 |
| 005 |
20220726090000.0 |
| 020 |
|
|
|a 9781472419309 (electronic book)
|
| 090 |
0 |
0 |
|a BD232
|b .B43 2015
|
| 100 |
1 |
|
|a Bednarek-Gilland, Antje
|
| 245 |
1 |
0 |
|a Researching values with qualitative methods :
|b empathy, moral boundaries and the politics of research
|c Antje Bednarek-Gilland.
|
| 264 |
|
|
|a Farnham, Surrey, England ; Burlington, VT, USA:
|b Ashgate,
|c 2015.
|
| 300 |
|
|
|a 1 online resource (122 pages):
|b text file, PDF.
|
| 336 |
|
|
|a text
|2 rdacontent
|
| 337 |
|
|
|a computer
|2 rdamedia
|
| 338 |
|
|
|a online resource
|2 rdacarrier
|
| 650 |
|
0 |
|a Values
|
| 650 |
|
0 |
|a Social sciences --
|x Research
|
| 655 |
|
0 |
|a Electronic books
|
| 856 |
4 |
2 |
|u http://library.unisel.edu.my/web/guest/mylibrary
|
| 997 |
|
|
|a Centre for Graduate Studies
|
| 998 |
|
|
|a Social Science, Doctor of Philosophy
|
| 999 |
|
|
|a EBO0013693
|b EBOOK
|c EBOOK
|e Electronic resources
|